| 000 | 01303cam a2200325 i 4500 | ||
|---|---|---|---|
| 001 | 17552122 | ||
| 005 | 20230322145805.0 | ||
| 008 | 121206r20121978vaua b 001 0 eng | ||
| 010 | _a 2012037062 | ||
| 020 | _a9781600869228 (hardback) | ||
| 040 |
_aDLC _beng _cDLC _erda _dDLC |
||
| 042 | _apcc | ||
| 050 | 0 | 0 |
_aTL570 _b.K75 2012 |
| 082 | 0 | 0 |
_a629.132 _223 _bKUC |
| 100 | 1 |
_aKüchemann, Dietrich, _d1911-1976. _9111121 |
|
| 245 | 1 | 4 |
_aThe aerodynamic design of aircraft / _cDietrich Küchemann. |
| 264 | 1 |
_aReston, Virginia : _bPublished by the American Institute of Aeronautics and Astronautics, Inc., _c[2012] |
|
| 300 |
_axvii, 564 pages : _billustrations ; _c24 cm. |
||
| 336 |
_atext _2rdacontent |
||
| 337 |
_aunmediated _2rdamedia |
||
| 338 |
_avolume _2rdacarrier |
||
| 490 | 0 | _aAIAA education series | |
| 504 | _aIncludes bibliographical references (pages 515-555) and index. | ||
| 650 | 0 |
_aAerodynamics. _92589 |
|
| 650 | 0 |
_aAirplanes _xDesign and construction. _92216 |
|
| 775 | 0 | 8 |
_iReprint of (manifestation): _dOxford ; New York : Pergamon Press, 1978 _w(DLC) 78040505 |
| 906 |
_a7 _bcbc _corignew _d1 _eecip _f20 _gy-gencatlg |
||
| 942 |
_2ddc _cBK |
||
| 999 |
_c594101 _d594101 |
||